Największe państwa graniczące ze sobą - Statystyki

Ogólne statystyki
  • Ten quiz został rozwiązany 32 razy
  • Średni wynik to 22 z 22
Statystyki odpowiedzi
Country % Poprawnych
Algieria
100%
Argentyna
100%
Brazylia
100%
Chiny
100%
Czad
100%
Indie
100%
Kanada
100%
Kazachstan
100%
Kolumbia
100%
Meksyk
100%
Mongolia
100%
Pakistan
100%
Peru
100%
Rosja
100%
Stany Zjednoczone
100%
Boliwia
96%
Libia
96%
Mali
96%
Niger
96%
Sudan
96%
Demokratyczna Republika Konga
89%
Angola
85%
Nie znaleziono quizów pasujących do podanych kryteriów
Rozkład punktacji
Procent ludzi z każdym wynikiem
Percentyl według liczby udzielonych odpowiedzi
Twoja historia wyników
Nie rozwiązałeś tego quizu